Turned-on tv, turned-off voters : (Record no. 41816)
[ view plain ]
| 000 -LEADER | |
|---|---|
| fixed length control field | 01274nam a2200325 a 4500 |
| 001 - CONTROL NUMBER | |
| control field | 41816 |
| 003 - CONTROL NUMBER IDENTIFIER | |
| rucl marc code | BD-RjUL |
| 005 - DATE AND TIME OF LATEST TRANSACTION | |
| control field | 20211209053444.0 |
| 008 - FIXED-LENGTH DATA ELEMENTS--GENERAL INFORMATION | |
| fixed length control field | 160606s1983 cau b 000 0 eng |
| 020 ## - INTERNATIONAL STANDARD BOOK NUMBER | |
| International Standard Book Number | 0803919298 |
| 035 ## - SYSTEM CONTROL NUMBER | |
| System control number | (BD-RjUL)41934 |
| 040 ## - CATALOGING SOURCE | |
| Original cataloging agency | DLC |
| Transcribing agency | DLC |
| Modifying agency | DLC |
| -- | BD-RjUL |
| Language of cataloging | eng |
| 041 ## - LANGUAGE CODE | |
| Language code of text/sound track or separate title | eng |
| 082 00 - DEWEY DECIMAL CLASSIFICATION NUMBER | |
| Classification number | 324.6 |
| Edition number | 19 |
| Author mark and year | TAT 1983 |
| 100 1# - MAIN ENTRY--PERSONAL NAME | |
| Personal name | Tannenbaum, Percy H., |
| Dates associated with a name | 1927- |
| 9 (RLIN) | 128446 |
| 245 10 - TITLE STATEMENT | |
| Title | Turned-on tv, turned-off voters : |
| Remainder of title | policy options for election projections / |
| Statement of responsibility, etc. | Percy H. Tannenbaum and Leslie J. Kostrich, with assistance from Eric R.A.N. Smith and Michael Berg. |
| 260 ## - PUBLICATION, DISTRIBUTION, ETC. (IMPRINT) | |
| Place of publication, distribution, etc. | Beverley Hills, Calif. : |
| Name of publisher, distributor, etc. | Sage Publications, |
| Date of publication, distribution, etc. | c1983. |
| 300 ## - PHYSICAL DESCRIPTION | |
| Pagination | 240 p. ; |
| Size | 23 cm. |
| 500 ## - GENERAL NOTE | |
| General note | "An American enterprise institute book." |
| 504 ## - BIBLIOGRAPHY, ETC. NOTE | |
| Bibliography, etc | Includes Bibliography |
| 650 #0 - SUBJECT ADDED ENTRY--TOPICAL TERM | |
| Topical term or geographic name as entry element | Election forecasting |
| Geographic subdivision | United States. |
| 9 (RLIN) | 128448 |
| Topical term or geographic name as entry element | Television in politics |
| Geographic subdivision | United States. |
| 9 (RLIN) | 128449 |
| Topical term or geographic name as entry element | Voting |
| Geographic subdivision | United States. |
| 9 (RLIN) | 128174 |
| Topical term or geographic name as entry element | Political participation |
| Geographic subdivision | United States. |
| 9 (RLIN) | 125582 |
| 700 1# - ADDED ENTRY--PERSONAL NAME | |
| Personal name | Kostrich, Leslie J. |
| 856 42 - ELECTRONIC LOCATION AND ACCESS | |
| Materials specified | Publisher description |
| Uniform Resource Identifier | <a href="http://www.loc.gov/catdir/enhancements/fy0660/82021604-d.html">http://www.loc.gov/catdir/enhancements/fy0660/82021604-d.html</a> |
| 942 ## - ADDED ENTRY ELEMENTS (KOHA) | |
| Source of classification or shelving scheme | Dewey Decimal Classification |
| Koha item type | Books |
| Lost status | Source of classification or shelving scheme | Damaged status | Not for loan | Collection code | Permanent Location | Current Location | Shelving location | Date acquired | Total Checkouts | Full call number | Date last seen | Copy number | Koha item type |
|---|---|---|---|---|---|---|---|---|---|---|---|---|---|
| Dewey Decimal Classification | Non-fiction | Central Library, University of Rajshahi | Central Library, University of Rajshahi | 30/08/1990 | 324.6 TAT 1983 | 06/06/2016 | C-2 | Books |